| 000 | 00926cab a2200229 4500 | ||
|---|---|---|---|
| 001 | ABS68489 | ||
| 008 | 041118n2004 000 0 eng u | ||
| 035 | _a(Sirsi) u128043 | ||
| 100 | _aStiles, D. | ||
| 245 | _aMandatory recovery needed now | ||
| 260 | _c2004 | ||
| 490 |
_aWastes Management _vNovember 2004, 45(1) |
||
| 520 | _aBriefly sets out the action plan for the minimisation, re-use and recovery of waste plastics from farms. Previously the farming sector was exempt from complying with the EU waste framework directive (Directive 75/442/EEC) but will be brought in line with other sectors with the introduction of agricultural waste legislation. | ||
| 590 | _aABS | ||
| 650 | _aAGRICULTURAL SECTOR | ||
| 650 | _aDIRECTIVE 75/442/EEC | ||
| 650 | _aWASTE POLICY | ||
| 650 | _aAGRICULTURAL WASTE | ||
| 650 | _aWASTE CONTROL | ||
| 690 | _aENVIRONMENTAL AND LAND CONSULTANCY-WASTE MANAGEMENT | ||
| 942 | _n0 | ||
| 999 |
_c74609 _d74609 |
||